[Event "Minsk Bronstein Memorial op"]
[Site "Minsk"]
[Date "2020.02.22"]
[Round "1"]
[White "Cherepov, Alexej"]
[Black "Tkachou, Pavel"]
[Result "1-0"]
[WhiteElo "2177"]
[BlackElo "1450"]
[PlyCount "79"]
[EventDate "2020.02.22"]
[EventType "swiss (rapid)"]
[EventRounds "10"]
[EventCountry "BLR"]
[SourceTitle "CBM 195 Extra"]
[Source "ChessBase"]
[SourceDate "2020.05.31"]
[SourceVersion "1"]
[SourceVersionDate "2020.05.31"]
[SourceQuality "1"]

1. d4 e6 2. c4 d5 3. Nf3 Nf6 4. g3 Be7 5. Bg2 0-0 6. 0-0 dxc4 7. Qc2 a6 8. Qxc4 b5 9. Qc2 Bb7 10. Bg5 Be4 11. Qc1 Nbd7 12. Nbd2 Bb7 13. Qc2 Rc8 14. Bxf6 Nxf6 15. Nb3 Be4 16. Qc3 Qd6 17. Nc5 Qb6 18. Rac1 Rfd8 19. Nxe4 Nxe4 20. Qc6 Nd6 21. Qxb6 cxb6 22. Ne5 Nc4 23. Nc6 Rd7 24. b3 Nd6 25. Nxe7+ Rxe7 26. Rxc8+ Nxc8 27. Rc1 Re8 28. Rc7 a5 29. Bc6 Rd8 30. Bxb5 Nd6 31. Bd3 Rb8 32. h4 g6 33. Rc6 Ne8 34. e3 Nf6 35. Kf1 Kg7 36. Ke2 Nd5 37. a3 Kf6 38. e4 Ne7 39. Rc7 Nc8 40. Ba6 1-0

[Event "Minsk Kupreichik Memorial op"]
[Site "Minsk"]
[Date "2018.06.23"]
[Round "9"]
[White "Tkachou, Pavel"]
[Black "Rybakova, Polina"]
[Result "0-1"]
[WhiteElo "1535"]
[BlackElo "1847"]
[PlyCount "90"]
[EventDate "2018.06.21"]
[EventType "swiss (rapid)"]
[EventRounds "11"]
[EventCountry "BLR"]
[SourceTitle "CBM 185 Extra"]
[Source "ChessBase"]
[SourceDate "2018.07.29"]
[SourceVersion "1"]
[SourceVersionDate "2018.07.29"]
[SourceQuality "1"]

1. d4 Nf6 2. Nf3 g6 3. g3 Bg7 4. Bg2 0-0 5. c4 e6 6. Nc3 d5 7. 0-0 Ne4 8. Nd2 Nxd2 9. Qxd2 dxc4 10. Rd1 c6 11. e4 Nd7 12. d5 cxd5 13. exd5 exd5 14. Bxd5 Qc7 15. Qe2 Nb6 16. Bf4 Qc5 17. Bf3 Bf5 18. Bd6 Qa5 19. Bxf8 Rxf8 20. Qd2 h5 21. h4 Kh7 22. Nd5 Qxd2 23. Rxd2 Nxd5 24. Bxd5 c3 25. bxc3 Bxc3 26. Rad1 Bxd2 27. Rxd2 Rd8 28. Rd1 Bc2 29. Rc1 Rxd5 30. Rxc2 Rd7 31. Kf1 Kg7 32. Ke2 f6 33. Ke3 g5 34. hxg5 fxg5 35. f4 Re7+ 36. Kd4 Kg6 37. Rc5 gxf4 38. gxf4 h4 39. Rg5+ Kh6 40. Rb5 b6 41. f5 Kg5 42. f6+ Kxf6 43. Rh5 Rd7+ 44. Kc4 Rc7+ 45. Kb5 Rc5+ 0-1

[Event "Minsk Kupreichik Memorial op"]
[Site "Minsk"]
[Date "2018.06.22"]
[Round "8"]
[White "Masjuk, Vladimir"]
[Black "Tkachou, Pavel"]
[Result "1-0"]
[WhiteElo "1916"]
[BlackElo "1535"]
[PlyCount "47"]
[EventDate "2018.06.21"]
[EventType "swiss (rapid)"]
[EventRounds "11"]
[EventCountry "BLR"]
[SourceTitle "CBM 185 Extra"]
[Source "ChessBase"]
[SourceDate "2018.07.29"]
[SourceVersion "1"]
[SourceVersionDate "2018.07.29"]
[SourceQuality "1"]

1. e4 e6 2. d4 d5 3. Nd2 Nf6 4. e5 Nfd7 5. Bd3 c5 6. c3 Nc6 7. Ne2 Qb6 8. Nf3 cxd4 9. cxd4 f6 10. exf6 Nxf6 11. 0-0 Bd6 12. a3 0-0 13. h3 Ne4 14. b4 e5 15. Be3 Qd8 16. b5 Nxd4 17. Nfxd4 exd4 18. Nxd4 Be5 19. Qb3 Nxf2 20. Rxf2 Rxf2 21. Bxf2 Qf6 22. Qxd5+ Kh8 23. Re1 Bxh3 24. Qxe5 1-0

[Event "Minsk Kupreichik Memorial op"]
[Site "Minsk"]
[Date "2018.06.22"]
[Round "6"]
[White "Tkachou, Pavel"]
[Black "Runets, Ivan"]
[Result "0-1"]
[WhiteElo "1535"]
[BlackElo "2010"]
[PlyCount "50"]
[EventDate "2018.06.21"]
[EventType "swiss (rapid)"]
[EventRounds "11"]
[EventCountry "BLR"]
[SourceTitle "CBM 185 Extra"]
[Source "ChessBase"]
[SourceDate "2018.07.29"]
[SourceVersion "1"]
[SourceVersionDate "2018.07.29"]
[SourceQuality "1"]

1. d4 Nf6 2. Nf3 e6 3. b3 b6 4. Bb2 Bb7 5. g3 Be7 6. Bg2 0-0 7. 0-0 c5 8. c4 cxd4 9. Nxd4 Bxg2 10. Kxg2 Nc6 11. Nxc6 dxc6 12. Nc3 Qc7 13. Qc2 Rad8 14. Rad1 Rxd1 15. Rxd1 Rd8 16. Rxd8+ Qxd8 17. Qd3 Nd7 18. Ne4 f5 19. Qd4 e5 20. Qd3 fxe4 21. Qxe4 Qc7 22. f4 Bf6 23. g4 exf4 24. Qe8+ Nf8 25. Ba3 c5 0-1

[Event "Minsk Kupreichik Memorial op"]
[Site "Minsk"]
[Date "2018.06.22"]
[Round "7"]
[White "Tkachou, Pavel"]
[Black "Tyurin, Artem"]
[Result "0-1"]
[WhiteElo "1535"]
[BlackElo "2021"]
[PlyCount "48"]
[EventDate "2018.06.21"]
[EventType "swiss (rapid)"]
[EventRounds "11"]
[EventCountry "BLR"]
[SourceTitle "CBM 185 Extra"]
[Source "ChessBase"]
[SourceDate "2018.07.29"]
[SourceVersion "1"]
[SourceVersionDate "2018.07.29"]
[SourceQuality "1"]

1. d4 Nf6 2. Nf3 g6 3. g3 Bg7 4. Bg2 0-0 5. 0-0 d5 6. c4 dxc4 7. Ne5 Nc6 8. Nxc6 bxc6 9. Bxc6 Bh3 10. Re1 Rb8 11. e3 Nd5 12. Nc3 Nb4 13. Be4 e5 14. a3 exd4 15. exd4 Nd3 16. Bxd3 cxd3 17. Qxd3 Bxd4 18. Rd1 Re8 19. Bf4 Bxf2+ 20. Kxf2 Rxb2+ 21. Kg1 Re1+ 22. Rxe1 Qxd3 23. Bh6 Qd4+ 24. Kh1 Bg2# 0-1

[Event "Minsk Kupreichik Memorial op"]
[Site "Minsk"]
[Date "2018.06.21"]
[Round "1"]
[White "Tkachou, Pavel"]
[Black "Sarbay, Alexander"]
[Result "0-1"]
[WhiteElo "1535"]
[BlackElo "2183"]
[PlyCount "24"]
[EventDate "2018.06.21"]
[EventType "swiss (rapid)"]
[EventRounds "11"]
[EventCountry "BLR"]
[SourceTitle "CBM 185 Extra"]
[Source "ChessBase"]
[SourceDate "2018.07.29"]
[SourceVersion "1"]
[SourceVersionDate "2018.07.29"]
[SourceQuality "1"]

1. d4 Nf6 2. Nf3 c5 3. c3 e6 4. g3 b6 5. Bg2 Bb7 6. 0-0 Be7 7. Nbd2 0-0 8. Qc2 cxd4 9. cxd4 Nc6 10. e3 Nb4 11. Qb1 Ba6 12. Rd1 Bd3 0-1